00813nam a22002417a 4500999001500000001000500015003000900020005001700029008004100046020001500087040002800102082001600130100002000146245008100166250002400247260006300271300004800334500002000382650002300402700002000425942001200445952011400457 c5539d55396797BD-DhUAP20201214145822.0201214r20021999ii a b 001 0 eng  a8121905001 aDLCcDLCdBD-DhUAPbeng00a624 VAZ223 aVazirani, V. N. aConcise handbook of civil engineering /c V. N. Vazirani and S. P. Chandola. a2nd rev. & enl. ed. aNew Delhi :bS. chand & co. ltd.,cc1999 [Reprinted 2002]. aviii, 1045 pages :billustrations ;c25 cm. aIncludes index. aCivil engineering. aChandola, S. P. 2ddccBK 00102ddc4070aUAPCLbUAPCLcGeneral Stacksd2020-12-14o624 VAZp3010006797r2020-12-14t1w2020-12-14yBK